00828nam a22002057a 4500999001900000005001700019010001500036020002600051035001400077037001300091082000800104245016900112260005100281270005500332300004300387700002700430700002500457942002200482952011800504 c193242d19324220221018141811.0 aENG-135478 a9789352584994c999.00 aEN-119010 bDBAD/PUB a920 aSir P.C. Ray: The Father of Chemistry Teacing and Research in India, a Philanthropist, and an Entrepreneur/cEdited by Sunil Kumar Talapatra and Biswapati Mukherjee aKolkatabIndian Science News Associationc2016 a92, Acharya Prafulla Chandra RoadbKolkatae700009 axii, 388p.bAcknowledgementsc28cm(hb) aTalapatra, Sunil Kumar aMukherjee, Biswapati 2ddccENmSIRh920 001040708NFICaMPbMPd2022-10-18eDBAD/PUBg999.00l0o920 SIRpEN-119010r2022-10-18 00:00:00t1v999.00yEN